00597nam a2200121Ia 4500008004100000020001800041100002200059245009800081260002700179650020600206650002200412856004100434171212s9999 xx 000 0 und d a9780833047090 aMedeiros, Evan S. cMedeiros, Evan S.aChina's International BehaviorbActivism, Opportunism, and Diversification bRAND Corporationc2009 aChina -- Foreign relations -- 21st century; National security -- China; China -- Economic polcy -- 21st century; China -- Foreign relations -- United States; United States -- Foreign relations -- China aPolitical Science uwww.jstor.org/stable/10.7249/mg850af